20 personnages aléatoires de House of the Dragon - Statistiques

Statistiques générales
  • Ce quiz a été pris 39 fois
  • Le résultat moyen est 9 sur 20
Statistiques - réponses
Par images Réponse % Correct
Addam de Carène
100%
Aegon III Targaryen
100%
Aemond Targaryen
100%
Arrax
100%
Baela Targaryen
100%
Baelon Targaryen
100%
Corlys Velaryon
100%
Daemon Targaryen
100%
Daenerys Targaryen
100%
Harwin Fort
100%
Jacaerys Velaryon
100%
Laena Velaryon
100%
Laenor Velaryon
100%
Lucerys Velaryon
100%
Otto Hightower
100%
Rhaena Targaryen
100%
Rhaenyra Targaryen
100%
Rhaenys Targaryen
100%
Rhea Royce
100%
Sabitha Frey
100%
Sheepstealer
100%
Simon Fort
100%
Vermax
100%
Vhagar
100%
Viserys I Targaryen
100%
Alicent Hightower
80%
Balerion
75%
Syrax
75%
Viserys II Targaryen
75%
Aegon II Targaryen
67%
Criston Cole
67%
Errik Cargyll
67%
Joffrey Velaryon
67%
Meleys
67%
Vaemond Velaryon
67%
Vermithor
67%
Aemma Arryn
50%
Alyssa Targaryen
50%
Caraxes
50%
Cregan Stark
50%
Dreamfyre
50%
Elinda Massey
50%
Hugh Marteau
50%
Jaehaerys II Targaryen
50%
Jason Lannister
50%
Jeyne Arryn
50%
Joffrey Lonbec
50%
Larys Fort
50%
Leon Estermont
50%
Lyman des Essaims
50%
Lyonel Fort
50%
Maris Baratheon
50%
Mestre Mellos
50%
Oscar Tully
50%
Rickon Stark
50%
Grand Septon
40%
Alys Rivers
33%
Corneille à trois yeux
33%
Craghas Drahar
33%
Floris Baratheon
33%
Jasper Wylde
33%
Moondancer
33%
Tyland Lannister
33%
Ulf le Blanc
33%
Arryk Cargyll
25%
Boremund Baratheon
25%
Paxter Fort
25%
Randyll Barret
25%
Sang
25%
Talya
25%
Willem Nerbosc
25%
Forrest Frey
20%
Qarl Correy
20%
Rickard Thorne
20%
Aeron Bracken
0%
Alfred Balais
0%
Allun Caswell
0%
Alyn de Carène
0%
Bartimos Celtigar
0%
Borros Baratheon
0%
Cassandra Baratheon
0%
Dyana
0%
Eddard Waters
0%
Ellyn Baratheon
0%
Fromage
0%
Germund Fort
0%
Gerold Royce
0%
Gormon Massey
0%
Gwayne Hightower
0%
Harrold Ouestrelin
0%
Helaena Targaryen
0%
Hobert Hightower
0%
Jaehaera Targaryen
0%
Jaehaerys I Targaryen
0%
Kat
0%
Lorent Marpheux
0%
Martyn Reyne
0%
Mestre Gerardys
0%
Mestre Orwyle
0%
Mysaria
0%
Reggio Haratis
0%
Roi de la Nuit
0%
Ryam Redwyne
0%
Seasmoke
0%
Silverwing
0%
Steffon Sombrelyn
0%
Sunfyre
0%
Sylvi
0%
Aucun quiz correspondant
Distribution des résultats
% des personnes avec chaque résultat
Percentile par nombre de réponses
Votre historique - résultats
Vous n’avez pas pris ce quiz